Jeppy in Disguise #3 - Statistics

General Stats
  • This quiz has been taken 37,680 times
  • The average score is 11 of 15
Answer Stats
Picture Answer % Correct
Santa Claus
98%
Cleopatra
94%
Sonic the Hedgehog
93%
Homer Simpson
91%
Indiana Jones
86%
Wolverine
86%
Velma Dinkley
78%
Gandalf
75%
Tin Man
74%
Link
66%
Naruto Uzumaki
63%
Jafar
58%
Hulk Hogan
55%
Tintin
36%
Otto Von Bismarck
32%
No matching quizzes found
Score Distribution
Percent of People with Each Score
Percentile by Number Answered
Your Score History
You have not taken this quiz